Geometrie analytique plane : a l'usage des élèves des classes scientifiques A et latin-mathématiques des Humanités et des candidats a l'Ecole Milita;ire et aux Universites

Αποθηκεύτηκε σε:
Λεπτομέρειες βιβλιογραφικής εγγραφής
Κύριος συγγραφέας: Lupsin, Gustave
Άλλοι συγγραφείς: Graas, R.
Μορφή: Βιβλίο
Γλώσσα:French
Δημοσίευση: Namur ; Bruxelles : La Procure, 1966.
Έκδοση:9η έκδ.
Σειρά:Collection G. Lupsin
Θέματα:
Ετικέτες: Προσθήκη ετικέτας
Δεν υπάρχουν, Καταχωρήστε ετικέτα πρώτοι!

MARC

LEADER 00000cam a2200000 a 4500
001 1/124673
008 220412t1966 be ||| | fre||
035 |l 10107969 
040 |a GR-MyUA  |b gre  |e AACR2 
041 0 |a fre 
082 0 |a 516.22  |2 (22) 
100 1 |a Lupsin, Gustave. 
245 1 0 |a Geometrie analytique plane :   |b a l'usage des élèves des classes scientifiques A et latin-mathématiques des Humanités et des candidats a l'Ecole Milita;ire et aux Universites /   |c par G. Lupsin et R. Graas.  
250 |a 9η έκδ.  
260 |a Namur ;   |a Bruxelles :   |b La Procure,   |c 1966.  
300 |a 453 σ. ;  |c 21 εκ. 
490 1 |a Collection G. Lupsin 
650 0 0 |a Geometry, Plane. 
650 0 0 |a Geometry, Analytic  |x Plane. 
700 1 |a Graas, R. 
830 0 |a Collection G. Lupsin 
852 |a INST  |b SAMOS  |c MAG  |e 20220412  |h 516.22 LUP  |p 005300035016  |q 005300035016  |t BK  |y 0 
970 |a Γουβάλα  |b Βάσω  |z 12-04-2022